LEADER 01286nam a2200289 a 4500 001 000000128239 003 CaOOAMICUS 005 20120328095329.0 008 120328s1941 it a u000 u ita r 040 $aPUL$bita 082 04$a271.79 100 1 $aCeria, Eugenio,$cS.D.B.,$d1870-1956.$0(OLS)http://pul/name/55321 245 10$aSan Giovanni Bosco nella vita e nelle opere /$cSac. Eugenio Ceria ; illustrazioni di G. B. Galizzi. 250 $a2. ed. 260 $aTorino :$bSocietà editrice internazionale$g1941 300 $a442 p., [28] p. di tav. :$bill. ;$c33 cm. 600 04$aIohannes Bosco,$cs.,$d1815-1888.$0(OLS)http://pul/subject/9970 700 1 $aGalizzi, G.B.$0(OLS)http://pul/name/36503 850 $aPUL 852 $aPUL$W1$xDP2 Religione 3$y114$m271. 79 BOSGI 1$j148408$aPrecedente collocazione: 26B$qDDC 21$B147017$CPULBib$Z2$F147017 $H119305 $82 941 1 $a9 960 $aGiovanni Bosco,$cs.,$d1815-1888$99970 960 $aBosco, Giovanni,$cs.,$d1815-1888$99970 996 $6082$a271.79$9(OLS)http://pul/classification/1703 996 $6245$aSan Giovanni Bosco nella vita e nelle opere$9(OLS)http://pul/title/162043 996 $6260$aTorino :$bSocietà editrice internazionale$9(OLS)http://pul/publisher/48156 LEADER 01203nam a2200277 a 4500 001 000000108937 003 CaOOAMICUS 005 20101020121151.0 008 080109s2007 it 001 0 ita r 020 $z978-88-215-6003-3* 040 $aPUG$bita$dBc 100 1 $aPuig i Tàrrech, Armand,$d1953-$0(OLS)http://pul/name/19247 240 10$aJesús. Un perfil biogràfic$lItaliano.$0(OLS)http://pul/title/137067 245 10$aGesù :$bla risposta agli enigmi /$cArmand Puig i Tárrech ; prefazione di Andrea Riccardi. 260 $aCinisello Balsamo :$bSan Paolo,$c2007. 300 $a807 p. ;$c22 cm. 490 1 $aGuida alla Bibbia 700 1 $aRiccardi, Andrea,$d1950-$0(OLS)http://pul/name/1865 830 0$aGuida alla Bibbia (San Paolo).$0(OLS)http://pul/title/137068 850 $aPUL 852 $aPUL$W1$xSL Religione 3$y85$m232. 908 PUIAR 1$j124310$qDDC 21$B123145$CPULBib$Z2$F123145 $H106082 $82 941 1 $a9 996 $6020$z978-88-215-6003-3*$9(OLS)http://pul/number/136644 996 $6245$aGesù :$bla risposta agli enigmi$9(OLS)http://pul/title/137065 996 $6260$aCinisello Balsamo :$bSan Paolo$9(OLS)http://pul/publisher/54577